Bemerkungen zum Verständnis des "Indefinitpronomens" tw

Saved in:  
Bibliographic Details
Main Author: Barta, Winfried 1928-1992 (Author)
Format: Print Article
Language:German
Check availability: HBZ Gateway
Interlibrary Loan:Interlibrary Loan for the Fachinformationsdienste (Specialized Information Services in Germany)
Published: 1995
In: Gedenkschrift für Winfried Barta
Year: 1995, Pages: 17-18
RelBib Classification:TC Pre-Christian history ; Ancient Near East
Further subjects:B Egyptian language

MARC

LEADER 00000caa a22000002c 4500
001 1650144350
003 DE-627
005 20241209102501.0
007 tu
008 190311s1995 xx ||||| 00| ||ger c
020 |a 363148366X 
035 |a (DE-627)1650144350 
035 |a (DE-576)518943712 
035 |a (DE-599)BSZ518943712 
040 |a DE-627  |b ger  |c DE-627  |e rakwb 
041 |a ger 
084 |a 1  |2 ssgn 
100 1 |0 (DE-588)119285541  |0 (DE-627)695933418  |0 (DE-576)211925187  |4 aut  |a Barta, Winfried  |d 1928-1992 
109 |a Barta, Winfried 1928-1992 
245 1 0 |a Bemerkungen zum Verständnis des "Indefinitpronomens" tw 
264 1 |c 1995 
336 |a Text  |b txt  |2 rdacontent 
337 |a ohne Hilfsmittel zu benutzen  |b n  |2 rdamedia 
338 |a Band  |b nc  |2 rdacarrier 
601 |a Indefinitpronomen 
650 0 7 |0 (DE-588)4120107-3  |0 (DE-627)105778818  |0 (DE-576)209532335  |a Ägyptisch  |2 gnd 
652 |a TC 
773 0 8 |i In  |t Gedenkschrift für Winfried Barta  |d Frankfurt am Main : Lang, 1995  |g (1995), Seite 17-18  |h XI, 373 S.  |w (DE-627)276324587  |w (DE-576)042581311  |z 363148366X  |7 nnam 
773 1 8 |g year:1995  |g pages:17-18 
935 |a BIIN 
951 |a AR 
BIB |a 1 
ELC |b 1 
ITA |a 1  |t 1 
LOK |0 000 xxxxxcx a22 zn 4500 
LOK |0 001 3335922077 
LOK |0 003 DE-627 
LOK |0 004 1650144350 
LOK |0 005 20190311190947 
LOK |0 008 190311||||||||||||||||ger||||||| 
LOK |0 035   |a (DE-Tue135-1)69563 
LOK |0 040   |a DE-Tue135-1  |c DE-627  |d DE-Tue135-1 
LOK |0 852   |a DE-Tue135-1 
LOK |0 852 1  |c FTHAT032202/BAW  |m p  |9 00 
LOK |0 852 2  |b J 2  |9 00 
LOK |0 935   |a iFSA 
LOK |0 936ln  |0 1442053569  |a TC 
LOK |0 938   |k p 
LOK |0 939   |a 11-03-19  |b l12 
ORI |a SA-MARC-ixtheoa001.raw 
REL |a 1 
STA 0 0 |a Egyptian language 
STB 0 0 |a Égyptien 
STC 0 0 |a Egipcio 
STD 0 0 |a Egizio 
STE 0 0 |a 埃及语 
STF 0 0 |a 埃及語 
STG 0 0 |a Egípcio 
STH 0 0 |a Египетский (язык) 
STI 0 0 |a Αιγυπτιακή γλώσσα 
SUB |a BIB  |a REL